Southernmost Major Cities in Europe - Statistics

General Stats
  • This quiz has been taken 74 times
  • The average score is 17 of 20
Answer Stats
Latitude Population City % Correct
37.9 °N 3.35 m Athens
100%
41.9 °N 3.58 m Rome
100%
38.7 °N 2.48 m Lisbon
99%
40.4 °N 6.55 m Madrid
99%
40.8 °N 4.23 m Naples
99%
41.3 °N 4.78 m Barcelona
97%
41.0 °N 16.0 m Istanbul
91%
43.2 °N 1.66 m Marseille
91%
45.4 °N 6.20 m Milan
90%
39.4 °N 1.84 m Valencia
90%
37.3 °N 1.29 m Seville
88%
42.6 °N 1.30 m Sofia
87%
44.4 °N 2.20 m Bucharest
82%
44.7 °N 1.42 m Belgrade
76%
41.1 °N 1.43 m Porto
76%
45.0 °N 1.64 m Turin
74%
36.7 °N 1.03 m Malaga
71%
43.7 °N 1.01 m Florence
68%
44.8 °N 1.08 m Bordeaux
57%
43.6 °N 1.04 m Toulouse
54%
No matching quizzes found
Score Distribution
Percent of People with Each Score
Percentile by Number Answered
Your Score History
You have not taken this quiz